| 000 | 00563nam 22001813 4500 | ||
|---|---|---|---|
| 001 | 201931 | ||
| 021 |
_aPT _b371699/14 |
||
| 090 | _a201931 | ||
| 100 | _a20260423d u||y0pory50 ba | ||
| 200 |
_aJoseia Matos Mira - obra literária _eapontamentos para um estudo _fSérgio de Sousa |
||
| 210 |
_a[S.l] _cAnáfora _dimp. 2014 |
||
| 215 |
_a[XII], 125, [13] p. _cbrochado _d21 cm |
||
| 606 |
_93661 _aCrítica Literária.Estudos Literários |
||
| 675 |
_a82.09 _vPT _zpor |
||
| 700 |
_99302 _aSousa _bSérgio de _f1947- |
||
| 801 |
_aPT _bBMMN _gRPC |
||
| 830 | _cVanda | ||
| 990 | _cLIVROS | ||